| 000 | 00594nam a2200145Ia 4500 | ||
|---|---|---|---|
| 008 | 260210s9999 xx 000 0 und d | ||
| 024 | _a15B-023-CS, 15B-094-CS, 15B-061-CS & 15B-040-CS | ||
| 082 | _a004.72072 MUH | ||
| 100 | _aMuhammad Anas Khan, Arham Ahmed, Mansoor Asad & Hafiz Hamza Imdad | ||
| 245 | 0 | _aAnytime Order Household Goods (CODE BOOK) | |
| 260 |
_aKarachi: _bUITU, _c2015 |
||
| 600 | _aComputer Science | ||
| 650 | _aBachelor of Computer Science (BS) | ||
| 856 |
_uhttps://drive.google.com/file/d/1VsaZHrCT5xmf4jO2qKTqtUttXkXZhnBn/view?usp=sharing _yClick here for PDF |
||
| 999 |
_c32333 _d32333 |
||